Catálogo público

Información téncnica sobre el agente de control biológico (Record no. 183472)

MARC details
000 -CABECERA
campo de control de longitud fija 00410nam a2200109Ia 4500
001 - NÚMERO DE CONTROL
campo de control IA_4088,13/09/2007,13/09/2007,0000001984 mx 0000000000spa00,"
008 - DATOS DE LONGITUD FIJA--INFORMACIÓN GENERAL
campo de control de longitud fija 220117s xx 000 0 und d
010 ## - NÚMERO DE CONTROL DE LA BIBLIOTECA DEL CONGRESO
Número de control de LC 183472
090 ## - LOCALMENTE ASIGNADO TIPO-LC NÚMERO DE CLASIFICACIÓN (OCLC); NÚMERO DE CLASIFICACIÓN LOCAL (RLIN)
Número de clasificación (OCLC) (R) ; Numero de clasificación, CALL (RLIN) (NR) FOLLETO 2414
100 ## - ENTRADA PRINCIPAL--NOMBRE DE PERSONA
Nombre de persona Centro panamericano de ecología humana y salud
9 (RLIN) 155658
245 ## - MENCIÓN DE TÍTULO
Título Información téncnica sobre el agente de control biológico

No items available.